000 00293nam a22001337a 4500
008 170622b xxu||||| |||| 00| 0 eng d
020 _a071671342
041 _aeng
080 _a32
100 _a21
101 _aSHP
245 _aTHE POLITICS CONTRACEPTION
_cDJERASSI.C
942 _2udc
_cBK
999 _c18658
_d18658